The battle for the mind. (Record no. 8662)

000 -LEADER
fixed length control field 01027nam a2200277 a 4500
001 - CONTROL NUMBER
control field :::00006438$&:&@@
003 - CONTROL NUMBER IDENTIFIER
control field OkBaRHE
005 - DATE AND TIME OF LATEST TRANSACTION
control field 20000607103331.0
008 - FIXED-LENGTH DATA ELEMENTS--GENERAL INFORMATION
fixed length control field s1980 j 000 0 eng u
020 ## - INTERNATIONAL STANDARD BOOK NUMBER
International Standard Book Number 0800711211 (pbk.)\0800711122
040 ## - CATALOGING SOURCE
Transcribing agency
100 1# - MAIN ENTRY--PERSONAL NAME
Personal name LaHaye, Tim F.
245 14 - TITLE STATEMENT
Title The battle for the mind.
260 ## - PUBLICATION, DISTRIBUTION, ETC. (IMPRINT)
Place of publication, distribution, etc Old Tappan, NJ., :
Name of publisher, distributor, etc Fleming H. Revell Co.
Date of publication, distribution, etc c1980
300 ## - PHYSICAL DESCRIPTION
Extent 247 p. : illus. ;
Dimensions 21 cm.
490 0# - SERIES STATEMENT
Series statement Power books
650 ## - SUBJECT ADDED ENTRY--TOPICAL TERM
Topical term or geographic name as entry element Apologetics
General subdivision 20th Century
650 ## - SUBJECT ADDED ENTRY--TOPICAL TERM
Topical term or geographic name as entry element Atheism
General subdivision Controversial Literature
650 ## - SUBJECT ADDED ENTRY--TOPICAL TERM
Topical term or geographic name as entry element Christianity
General subdivision Philosophy
650 ## - SUBJECT ADDED ENTRY--TOPICAL TERM
Topical term or geographic name as entry element Humanism
General subdivision Controversial Literature
650 ## - SUBJECT ADDED ENTRY--TOPICAL TERM
Topical term or geographic name as entry element United States
General subdivision Moral Conditions
942 ## - ADDED ENTRY ELEMENTS (KOHA)
Source of classification or shelving scheme
Koha item type Books
Copies
Barcode Date last seen Copy number Shelving location Koha item type Damaged status Withdrawn status Lost status Date checked out Price effective from Permanent Location Date acquired Current Location Full call number Source of classification or shelving scheme Total Checkouts Not for loan
64382010-04-141General StacksBooks    2010-04-14RHEMA Bible Training College2010-04-14 BT 1102 .L255   
151832010-04-142General StacksBooks    2010-04-14RHEMA Bible Training College2010-04-14 BT 1102 .L255   
206342019-12-023General StacksBooks  Long Overdue (Lost)2013-09-202010-04-14RHEMA Bible Training College2010-04-14RHEMA Bible Training CollegeBT 1102 .L255 1